Inteligentné meracie systémy a dodávka elektriny v podmienkach SR

"Zimný energetický balík" Európskej komisie - súbor nových pravidiel pre trh s elektrinou. Posilňovanie regulácie na Slovensku. Nové trendy navzdory regulácii. Priekopník vo variabilnej tarifikácii. Dogma o nahraditeľnosti plošnej regulácie neplatí. Analýza dát z IMS (inteligentných meracích systémo...

Descrizione completa

Salvato in:
Dettagli Bibliografici
Autore principale: Hudec, Michal
Natura: Capitolo di libro
Lingua:slovacco
Soggetti:
Tags: Aggiungi Tag
Nessun Tag, puoi essere il primo ad aggiungerne!!

MARC

LEADER 00000naa a2200000 4500
001 0247950
005 20180928100102.2
041 0 |a slo 
044 |a CZ 
245 1 0 |a Inteligentné meracie systémy a dodávka elektriny v podmienkach SR  |c Michal Hudec 
520 |a "Zimný energetický balík" Európskej komisie - súbor nových pravidiel pre trh s elektrinou. Posilňovanie regulácie na Slovensku. Nové trendy navzdory regulácii. Priekopník vo variabilnej tarifikácii. Dogma o nahraditeľnosti plošnej regulácie neplatí. Analýza dát z IMS (inteligentných meracích systémov). 
610 2 0 |a energetika 
610 2 0 |a elektrina 
610 2 0 |a regulácia cenová 
610 2 0 |a legislatíva 
610 2 0 |a dodávatelia 
610 2 0 |a odberatelia 
610 2 0 |a odvetvia sieťové 
610 2 0 |a meranie 
100 1 |a Hudec, Michal